औरत : उत्तरकथा / (Record no. 120833)

MARC details
000 -LEADER
fixed length control field 01243nam a22002897a 4500
003 - CONTROL NUMBER IDENTIFIER
control field dpl
005 - DATE AND TIME OF LATEST TRANSACTION
control field 20190423115119.0
008 - FIXED-LENGTH DATA ELEMENTS--GENERAL INFORMATION
fixed length control field 190423b ||||| |||| 00| 0 eng d
010 ## - LIBRARY OF CONGRESS CONTROL NUMBER
LC control number B-069665
020 ## - INTERNATIONAL STANDARD BOOK NUMBER
Terms of availability 250.00
International Standard Book Number 8126704853
035 ## - SYSTEM CONTROL NUMBER
System control number B-069665, B-069666
037 ## - SOURCE OF ACQUISITION
Source of stock number/acquisition Cen Lib/Ret
040 ## - CATALOGING SOURCE
Original cataloging agency DPL
Language of cataloging HN
Transcribing agency 0
082 ## - DEWEY DECIMAL CLASSIFICATION NUMBER
Classification number 305.4
Item number औरत
245 ## - TITLE STATEMENT
Title औरत : उत्तरकथा /
Statement of responsibility, etc सम्पादक राजेन्द्र यादव [और] अर्चना वर्मा
246 ## - VARYING FORM OF TITLE
Title proper/short title Aurat : uttarkatha /
Remainder of title sampadak Rajendra Yadav [aur] Archna Verma
260 ## - PUBLICATION, DISTRIBUTION, ETC. (IMPRINT)
Place of publication, distribution, etc नई दिल्ली
Name of publisher, distributor, etc राजकमल प्रकाशन
Date of publication, distribution, etc 2002
270 ## - ADDRESS
Address 1-बी, नेताजी सुभाष मार्ग
City नई दिल्ली
Postal code 110002
300 ## - PHYSICAL DESCRIPTION
Extent xi,225पृ.
Dimensions 20सेमी(सजिल्द)
650 ## - SUBJECT ADDED ENTRY--TOPICAL TERM
Topical term or geographic name as entry element औरत -- कहानियाँ
9 (RLIN) 42
650 ## - SUBJECT ADDED ENTRY--TOPICAL TERM
Topical term or geographic name as entry element औरत -- समस्याएँ
9 (RLIN) 42
650 ## - SUBJECT ADDED ENTRY--TOPICAL TERM
Topical term or geographic name as entry element Woman - Stories
9 (RLIN) 92863
650 ## - SUBJECT ADDED ENTRY--TOPICAL TERM
Topical term or geographic name as entry element Woman - Problems
9 (RLIN) 92864
700 ## - ADDED ENTRY--PERSONAL NAME
Personal name यादव, राजेन्द्र
9 (RLIN) 42810
700 ## - ADDED ENTRY--PERSONAL NAME
Personal name वर्मा, अर्चना
9 (RLIN) 92865
942 ## - ADDED ENTRY ELEMENTS (KOHA)
Source of classification or shelving scheme Dewey Decimal Classification
Koha item type Hindi Books
Classification part 305.4
Call number suffix औरत
Holdings
Withdrawn status Lost status Damaged status Not for loan Home library Current library Date acquired Source of acquisition Cost, normal purchase price Total Checkouts Total Renewals Full call number Barcode Date last seen Date checked out Copy number Cost, replacement price Price effective from Koha item type Source of classification or shelving scheme Collection code
        Central Library Central Library 29/09/2015 Cen Lib/Ret 250.00 2 1 305.4 औरत B-069665 06/12/2024 16/11/2024 1 250.00 29/09/2015 Hindi Books    
        Shahdara Branch Shahdara Branch 23/04/2019 BPPD/PUB 250.00     305.4 औरत B-069666 23/04/2019     250.00 23/04/2019 Hindi Books Dewey Decimal Classification Non-fiction

© Delhi Public Library
Hit Counter
free hit counter